00218nam a2200097Ia 4500008004100000100001700041245002900058260000900087942000700096999001700103190216s9999||||xx |||||||||||||| ||und|| aGupthan Nair 0aChila Pachathya Kathakal bNull cBK c24978d24978